|
|
|
|
| LEADER |
01663nam a22003257a 4500 |
| 001 |
33018 |
| 003 |
BD-DhAAL |
| 005 |
20251022153631.0 |
| 008 |
180418t2017 bg a 00| 0 ben d |
| 020 |
|
|
|a 9847012402795
|
| 040 |
|
|
|a BD-DhAAL
|
| 041 |
|
|
|a ben
|a eng
|
| 082 |
|
|
|a 954.9205
|2 22
|
| 245 |
|
|
|a বাংলাদেশের মুক্তিযুদ্ধে ভারত :
|b তথ্য ও দলিল : আসাম ও মেঘালয় /
|c হারুন হাবিব সম্পাদিত
|
| 246 |
|
|
|a India in Bangladesh liberation war :
|b facts and documents : Assam and Meghalaya
|
| 260 |
|
|
|a ঢাকা :
|b সাহিত্য প্রকাশ,
|c ২০১৭
|
| 300 |
|
|
|a ৪৮৪ পৃষ্ঠা :
|b চিত্র ;
|c ২৫ সে.মি.
|
| 526 |
|
|
|a AAL
|
| 541 |
|
|
|a Development Book Agency
|e 33018
|
| 651 |
|
|
|a Bangladesh
|x History
|y Revolution, 1971
|9 25616
|
| 651 |
|
|
|a বাংলাদেশ
|x ইতিহাস
|y মুক্তিযুদ্ধ, ১৯৭১
|9 25617
|
| 700 |
|
|
|a হাবিব, হারুন
|9 25636
|
| 700 |
|
|
|a রচি, আসমা পারভীন
|9 25637
|
| 700 |
|
|
|a জেমস, মাহমুদুল ইসলাম
|9 25638
|
| 700 |
|
|
|a ইসলাম, তৌহিদুল
|9 25639
|
| 700 |
|
|
|a হাওলাদার, ফয়সাল হোসেন
|9 25640
|
| 852 |
|
|
|a Ayesha Abed Library
|c Bangabandhu Corner
|
| 942 |
|
|
|2 ddc
|c BK
|
| 999 |
|
|
|c 39285
|d 39285
|
| 952 |
|
|
|0 0
|1 0
|2 ddc
|4 0
|6 954_920500000000000_BAN
|7 0
|9 63218
|a BRACUL
|b BRACUL
|c BNC
|d 2018-04-18
|e Development Book Agency
|g 1275.00
|l 0
|o 954.9205 BAN
|p 3010033018
|r 2018-04-18
|t 1
|v 1500.00
|w 2018-04-18
|y BK
|